[Event "British Championship"]
[Site "Liverpool ENG"]
[Date "2008.08.01"]
[EventDate "2008.07.28"]
[Round "5"]
[Result "0-1"]
[White "Susan Arkell Lalic"]
[Black "Gawain Jones"]
[WhiteElo "2344"]
[BlackElo "2549"]
[PlyCount "98"]

1. e4 c5 2. Nc3 Nc6 3. g3 g6 4. Bg2 Bg7 5. d3 d6 6. Be3 Rb8
7. Nge2 Nd4 8. O-O b5 9. Qd2 b4 10. Nd1 Bg4 11. f3 Bd7 12. Nc1
Ba4 13. Nb3 Qb6 14. Rf2 h5 15. Qc1 Qc7 16. Bf4 e5 17. Bd2 Bxb3
18. axb3 f5 19. Ne3 Nf6 20. Nc4 h4 21. Ra6 hxg3 22. hxg3 Nh5
23. Qa1 Nb5 24. exf5 Nxg3 25. fxg6 Qe7 26. Ne3 Qh4 27. Ng4 e4
28. Qe1 Bd4 29. Be3 Bxb2 30. dxe4 Be5 31. Qd2 Nd4 32. g7 Bxg7
33. Rxd6 Nxe4 34. fxe4 Qxg4 35. Bxd4 cxd4 36. Rxd4 Be5 37. Rd5
Qg3 38. Rxe5+ Qxe5 39. Qe2 Ke7 40. Rf5 Qd4+ 41. Qf2 Qd1+
42. Qf1 Qd4+ 43. Qf2 Qxf2+ 44. Rxf2 Rbc8 45. Kf1 Rhf8 46. Bf3
Rc3 47. Kg2 Rf7 48. e5 Rf5 49. e6 Rf8 0-1

[Event "British Championship"]
[Site "Liverpool ENG"]
[Date "2008.08.04"]
[EventDate "2008.07.28"]
[Round "7"]
[Result "1/2-1/2"]
[White "Nigel Rodney Davies"]
[Black "Gawain Jones"]
[WhiteElo "2478"]
[BlackElo "2549"]
[PlyCount "126"]

1. g3 g6 2. Bg2 Bg7 3. d4 Nf6 4. e4 d6 5. Ne2 O-O 6. O-O Na6
7. b3 c5 8. Bb2 cxd4 9. Nxd4 Nc5 10. Nc3 Bg4 11. Qd2 Qd7
12. Rfe1 Rad8 13. Nd5 Rfe8 14. c4 Bh3 15. Bh1 e5 16. Nxf6+
Bxf6 17. Nb5 a6 18. Nc3 Bg7 19. Nd5 b5 20. Rac1 f5 21. cxb5
axb5 22. exf5 gxf5 23. Nb4 e4 24. Bxg7 Qxg7 25. Red1 Ne6
26. Qd5 Kh8 27. Nc6 Ra8 28. Qxd6 Rxa2 29. Nd4 Nxd4 30. Rxd4
Qg5 31. Re1 Rea8 32. Bg2 Ra1 33. Rdd1 Rxd1 34. Rxd1 Bg4
35. Re1 Rd8 36. Qe5+ Qg7 37. Qxb5 Qc3 38. Rf1 Qf6 39. h3 Bd1
40. b4 h5 41. Qc5 h4 42. b5 Be2 43. Re1 hxg3 44. fxg3 Bd3
45. b6 Qd4+ 46. Qxd4+ Rxd4 47. Bf1 Rb4 48. Bxd3 exd3 49. Rd1
Rxb6 50. Rxd3 Kg7 51. Kg2 Kf6 52. Kf3 Kg5 53. Ra3 Rc6 54. h4+
Kf6 55. Ra4 Rc3+ 56. Kf4 Rc6 57. h5 Rb6 58. h6 Kg6 59. h7 Kxh7
60. Kxf5 Kg7 61. Ra5 Kf7 62. Ra7+ Kg8 63. g4 Rc6 1/2-1/2

[Event "British Championship"]
[Site "Liverpool ENG"]
[Date "2008.08.05"]
[EventDate "2008.07.28"]
[Round "8"]
[Result "1/2-1/2"]
[White "Gawain Jones"]
[Black "Simon Kim Williams"]
[WhiteElo "2549"]
[BlackElo "2496"]
[PlyCount "141"]

1. e4 c5 2. Nf3 d6 3. Nc3 Nc6 4. Bb5 e5 5. Bxc6+ bxc6 6. d3
Bg4 7. h3 Bh5 8. g4 Bg6 9. Qe2 h5 10. Rg1 hxg4 11. hxg4 Nf6
12. Bd2 Be7 13. O-O-O Nd7 14. Rh1 Rg8 15. g5 Nf8 16. Rdg1 Ne6
17. Nh4 Qd7 18. Qg4 Nd4 19. Qg2 Bh5 20. f4 exf4 21. Bxf4 g6
22. Re1 Qg4 23. Qf2 Ne6 24. Bd2 Bxg5 25. Bxg5 Qxg5+ 26. Kb1
Qe5 27. Ref1 Rf8 28. Nf5 Rb8 29. Qd2 Nd4 30. Na4 Bg4 31. Ne3
Be6 32. c3 Nb5 33. Ka1 Kd7 34. Rf2 Nc7 35. Rhf1 Na8 36. d4
cxd4 37. cxd4 Qb5 38. Nc3 Qg5 39. d5 cxd5 40. exd5 Bf5 41. Qd4
Nb6 42. Nxf5 gxf5 43. Rxf5 Qe7 44. Ne4 Rbc8 45. b3 Kc7 46. Rf6
Rcd8 47. Ng5 Kb8 48. Nxf7 Rc8 49. Nxd6 Rxf6 50. Qxf6 Qxf6+
51. Rxf6 Rd8 52. Nc4 Nxd5 53. Rf7 Nb6 54. Kb2 Nxc4+ 55. bxc4
Rd3 56. a4 Rh3 57. Rd7 Rg3 58. a5 Rg5 59. Rd5 Rg3 60. Rb5+ Kc7
61. a6 Rg6 62. Rb7+ Kc8 63. Rxa7 Kb8 64. Rb7+ Ka8 65. Kc3 Rxa6
66. Rb5 Rh6 67. Kd4 Ka7 68. Rb1 Rh4+ 69. Kd5 Rh5+ 70. Kc6 Rh6+
71. Kc7 1/2-1/2

[Event "British Championship"]
[Site "Liverpool ENG"]
[Date "2008.08.06"]
[EventDate "2008.07.28"]
[Round "9"]
[Result "0-1"]
[White "Jonathan Hawkins"]
[Black "Gawain Jones"]
[WhiteElo "2232"]
[BlackElo "2549"]
[PlyCount "58"]

1. d4 Nf6 2. c4 c5 3. d5 b5 4. cxb5 a6 5. bxa6 g6 6. Nc3 Bxa6
7. g3 d6 8. Bg2 Bg7 9. Nh3 Nbd7 10. O-O O-O 11. Qc2 Qc7 12. b3
Rfb8 13. Rb1 Bc8 14. a4 Ne5 15. Bd2 Bf5 16. e4 Bxh3 17. Bxh3
Nf3+ 18. Kh1 Nxd2 19. Qxd2 Rb4 20. Qc2 Qa5 21. Rfe1 c4 22. Bf1
cxb3 23. Rxb3 Rxb3 24. Qxb3 Rc8 25. Rc1 Nxe4 26. Nxe4 Rxc1
27. Kg2 Qe1 28. Qd3 h6 29. g4 Rd1 0-1

[Event "British Championship"]
[Site "Liverpool ENG"]
[Date "2008.08.07"]
[EventDate "2008.07.28"]
[Round "10"]
[Result "1/2-1/2"]
[White "Gawain Jones"]
[Black "Bogdan Lalic"]
[WhiteElo "2549"]
[BlackElo "2533"]
[PlyCount "23"]

1. e4 e5 2. Nf3 Nf6 3. Nxe5 d6 4. Nf3 Nxe4 5. Bd3 d5 6. Qe2
Qe7 7. O-O Nd6 8. Re1 Qxe2 9. Rxe2+ Be7 10. b3 Nc6 11. Bb2 O-O
12. Na3 1/2-1/2

[Event "European Union Championships"]
[Site "Liverpool ENG"]
[Date "2008.09.10"]
[EventDate "2008.09.09"]
[Round "2"]
[Result "0-1"]
[White "Jack Rudd"]
[Black "Gawain Jones"]
[WhiteElo "2345"]
[BlackElo "2549"]
[PlyCount "50"]

1. e4 c5 2. Nf3 d6 3. d4 cxd4 4. Nxd4 Nf6 5. Nc3 g6 6. Be3 Bg7
7. f3 O-O 8. Qd2 Nc6 9. Bc4 Bd7 10. h4 h5 11. O-O-O Rc8
12. Bb3 Ne5 13. Bg5 Rc5 14. Kb1 Re8 15. g4 hxg4 16. f4 Nc4
17. Qd3 Qc8 18. Bxf6 Bxf6 19. h5 g5 20. Nd5 gxf4 21. Nxf6+
exf6 22. Rdf1 d5 23. Rxf4 Rxe4 24. Rxf6 Qe8 25. Qd1 Qe5 0-1

[Event "European Union Championships"]
[Site "Liverpool ENG"]
[Date "2008.09.12"]
[EventDate "2008.09.09"]
[Round "4"]
[Result "0-1"]
[White "Pablo Garcia Castro"]
[Black "Gawain Jones"]
[WhiteElo "2390"]
[BlackElo "2549"]
[PlyCount "116"]

1. e4 c5 2. Nc3 Nc6 3. g3 g6 4. Bg2 Bg7 5. d3 d6 6. f4 e6
7. Nf3 Nge7 8. O-O O-O 9. Be3 Nd4 10. Bf2 Nec6 11. e5 dxe5
12. Nxe5 Nxe5 13. fxe5 Bxe5 14. Ne4 f5 15. Nxc5 Qd6 16. b4 Nc6
17. Rb1 Bd4 18. Qe1 a5 19. a3 axb4 20. axb4 Ra3 21. Bxc6 Bxf2+
22. Rxf2 Qxc6 23. Qe5 b6 24. Ne4 Bb7 25. Qd6 Raa8 26. Qxc6
Bxc6 27. Ng5 e5 28. Re2 Rfe8 29. Rbe1 h6 30. Nh3 Kf7 31. Kf2
Kf6 32. Ng1 Ra4 33. b5 Bb7 34. Nf3 Bxf3 35. Kxf3 Rb4 36. c4
Rb3 37. Re3 g5 38. Kf2 Re6 39. R1e2 h5 40. Ke1 f4 41. gxf4
gxf4 42. Rh3 e4 43. Kf2 Rxd3 44. Rxh5 Kg6 45. Rd5 Rc3 46. Rd4
Kf5 47. Rd5+ Re5 48. Rd4 f3 49. Re1 Kf4 50. Kg1 Rc2 51. Kh1 f2
52. Ra1 Ra2 53. Rb1 Ke3 54. Rd6 Rf5 55. Rdd1 Kf3 56. c5 Rxc5
57. Rd6 Rf5 58. Rh6 Ke2 0-1

[Event "European Union Championships"]
[Site "Liverpool ENG"]
[Date "2008.09.14"]
[EventDate "2008.09.09"]
[Round "6"]
[Result "1/2-1/2"]
[White "Colin A McNab"]
[Black "Gawain Jones"]
[WhiteElo "2450"]
[BlackElo "2549"]
[PlyCount "40"]

1. Nf3 Nf6 2. c4 g6 3. g3 Bg7 4. Bg2 O-O 5. O-O d5 6. cxd5
Nxd5 7. d4 Nb6 8. Nc3 Nc6 9. e3 Re8 10. d5 Na5 11. Nd4 Bd7
12. b3 Rc8 13. Bb2 c6 14. dxc6 Nxc6 15. Nxc6 Bxc6 16. Rc1 Bxg2
17. Kxg2 Qxd1 18. Rfxd1 Rc6 19. Na4 Nxa4 20. Bxg7 Rxc1 1/2-1/2

[Event "European Union Championships"]
[Site "Liverpool ENG"]
[Date "2008.09.15"]
[EventDate "2008.09.09"]
[Round "7"]
[Result "1-0"]
[White "Gawain Jones"]
[Black "Emilis Pileckis"]
[WhiteElo "2549"]
[BlackElo "2443"]
[PlyCount "69"]

1. Nf3 Nf6 2. c4 b6 3. d3 g6 4. b4 Bg7 5. Bb2 Bb7 6. g3 a5
7. b5 d6 8. Bg2 O-O 9. O-O e5 10. Nc3 Nbd7 11. e4 Nc5 12. Re1
Re8 13. Qc2 Nfd7 14. Rad1 Ne6 15. Nd5 c5 16. bxc6 Bxc6 17. Qd2
Rc8 18. h4 Bxd5 19. cxd5 Nd4 20. Nxd4 exd4 21. Bh3 Rc3
22. Bxc3 dxc3 23. Qc2 b5 24. d4 b4 25. Qa4 Nf6 26. Bg2 Bh6
27. e5 Bd2 28. Re2 dxe5 29. dxe5 Nd7 30. f4 Qb6+ 31. Kh2 Rd8
32. Rexd2 Nc5 33. Qc6 Qxc6 34. dxc6 cxd2 35. Rxd2 1-0

[Event "European Union Championships"]
[Site "Liverpool ENG"]
[Date "2008.09.16"]
[EventDate "2008.09.09"]
[Round "8"]
[Result "1/2-1/2"]
[White "Etienne Bacrot"]
[Black "Gawain Jones"]
[WhiteElo "2691"]
[BlackElo "2549"]
[PlyCount "160"]

1. e4 e5 2. Nf3 Nc6 3. Bb5 a6 4. Ba4 Nf6 5. O-O Be7 6. Re1 b5
7. Bb3 d6 8. c3 O-O 9. h3 Nb8 10. d4 Nbd7 11. Nbd2 Bb7 12. Bc2
c5 13. Nf1 cxd4 14. cxd4 exd4 15. Nxd4 Re8 16. Ng3 d5 17. exd5
Bc5 18. Rxe8+ Qxe8 19. Ndf5 Qe5 20. Be3 g6 21. Bxc5 Nxc5
22. Qd4 Qxd4 23. Nxd4 Bxd5 24. a3 Rc8 25. Rd1 Ne6 26. Nge2
Nxd4 27. Nxd4 h5 28. f3 Nd7 29. Bf5 gxf5 30. Nxf5 Bxf3
31. gxf3 Rc7 32. Kf2 Ne5 33. Rd8+ Kh7 34. Rd6 Rc2+ 35. Kg3
Rxb2 36. Rh6+ Kg8 37. Rxa6 Ng6 38. Nh6+ Kg7 39. Nf5+ Kg8
40. Ra8+ Kh7 41. Ra7 h4+ 42. Nxh4 Nxh4 43. Kxh4 Kg6 44. Ra5 b4
45. Rg5+ Kh6 46. axb4 Rxb4+ 47. Rg4 Rb5 48. Kg3 Ra5 49. Kf4
Rh5 50. Rg8 Kh7 51. Rg3 Kh6 52. Ke4 Ra5 53. Ke3 Rb5 54. Rg8
Kh7 55. Rg4 Kh6 56. Kf4 Rh5 57. h4 f5 58. Rg8 Rxh4+ 59. Kxf5
Ra4 60. Rg6+ Kh7 61. Rd6 Kg7 62. f4 Ra1 63. Rd7+ Kf8 64. Ke6
Ra6+ 65. Ke5 Rb6 66. Kf5 Ra6 67. Kg5 Rb6 68. Rd8+ Kf7 69. f5
Ra6 70. Rb8 Rc6 71. Rb5 Kg7 72. Rb1 Ra6 73. Rb7+ Kf8 74. Rh7
Rb6 75. Rh6 Rxh6 76. Kxh6 Kf7 77. Kg5 Kg7 78. f6+ Kf7 79. Kf5
Kf8 80. f7 Kxf7 1/2-1/2

[Event "European Union Championships"]
[Site "Liverpool ENG"]
[Date "2008.09.17"]
[EventDate "2008.09.09"]
[Round "9"]
[Result "1/2-1/2"]
[White "Gawain Jones"]
[Black "Daniel Fridman"]
[WhiteElo "2549"]
[BlackElo "2637"]
[PlyCount "23"]

1. e4 Nf6 2. e5 Nd5 3. c4 Nb6 4. d4 d6 5. exd6 exd6 6. Nc3 Nc6
7. Be2 Be7 8. h3 Bf5 9. Nf3 Nb4 10. O-O Nc2 11. Rb1 Nb4
12. Ra1 1/2-1/2

[Event "Euro Club Cup"]
[Site "Kallithea GRE"]
[Date "2008.10.19"]
[EventDate "2008.10.17"]
[Round "3"]
[Result "1/2-1/2"]
[White "Kim Pilgaard"]
[Black "Gawain Jones"]
[WhiteElo "2438"]
[BlackElo "2548"]
[PlyCount "99"]

1. e4 e5 2. Nf3 Nc6 3. Bc4 Bc5 4. c3 Nf6 5. d4 exd4 6. cxd4
Bb4+ 7. Bd2 Nxe4 8. Bxb4 Nxb4 9. Bxf7+ Kxf7 10. Qb3+ Kf8
11. Qxb4+ Qe7 12. Qxe7+ Kxe7 13. Nc3 Nxc3 14. bxc3 d6 15. Kd2
Be6 16. Ng5 Bd5 17. Rhe1+ Kd7 18. f3 b5 19. a3 a5 20. g3 Rhb8
21. h4 b4 22. axb4 axb4 23. cxb4 Rxa1 24. Rxa1 h6 25. Ne4 Rxb4
26. Ke3 Rb3+ 27. Kf4 Rd3 28. Ra4 Bc6 29. Rb4 Ke6 30. g4 Kd5
31. Ng3 g6 32. Ne2 Ke6 33. Ng1 Bd5 34. Ra4 Bb3 35. Rb4 Kd5
36. Kg3 Bd1 37. Rb7 Bxf3 38. Nxf3 Ke4 39. Rxc7 Rxf3+ 40. Kg2
Rf6 41. Kg3 h5 42. Re7+ Kd5 43. g5 Re6 44. Rxe6 Kxe6 45. Kf4
Kd7 46. Ke4 Kc6 47. Kd3 Kb5 48. Kc3 d5 49. Kb3 Ka5 50. Ka3
1/2-1/2

[Event "Euro Club Cup"]
[Site "Kallithea GRE"]
[Date "2008.10.20"]
[EventDate "2008.10.17"]
[Round "4"]
[Result "1/2-1/2"]
[White "Gawain Jones"]
[Black "Stephen Brady"]
[WhiteElo "2548"]
[BlackElo "2385"]
[PlyCount "154"]

1. Nf3 e6 2. g3 d5 3. Bg2 Nf6 4. O-O Be7 5. c4 O-O 6. b3 a5
7. Nc3 d4 8. Nb5 Nc6 9. Bb2 e5 10. e3 Bc5 11. exd4 exd4 12. d3
Re8 13. h3 Bf5 14. g4 Bg6 15. Nh4 Nd7 16. Nxg6 hxg6 17. a3 Nf8
18. f4 Qd7 19. Kh1 Re3 20. Bc1 Re7 21. Bd2 Rae8 22. Qf3 Re2
23. Rad1 Nd8 24. b4 axb4 25. axb4 Bb6 26. f5 c6 27. c5 Bxc5
28. bxc5 cxb5 29. Qf4 Nc6 30. Be4 Ne5 31. Rf2 Rxf2 32. Qxf2
Qe7 33. Rc1 Nc6 34. h4 Ne5 35. Qg3 Nfd7 36. fxg6 Nxg6 37. Bg5
Qe5 38. Qxe5 Rxe5 39. c6 bxc6 40. Rxc6 Re8 41. Bf5 Nde5
42. Rb6 f6 43. h5 Ne7 44. Be6+ Kh8 45. Bd2 Nc8 46. Ra6 Nxd3
47. Bf5 Ne5 48. Bb4 d3 49. Bc3 Rd8 50. Ra8 Nc4 51. h6 d2
52. Bxd2 Nxd2 53. hxg7+ Kxg7 54. Bxc8 Kh6 55. Rb8 Nf3 56. Rb6
Rxc8 57. Rxf6+ Kg5 58. Rxf3 Kxg4 59. Rb3 Rb8 60. Kg2 Kf4
61. Kf2 Ke4 62. Ke2 Kd4 63. Kd2 Kc4 64. Kc2 Rh8 65. Rg3 Rh2+
66. Kb1 Kb4 67. Rf3 Rh1+ 68. Kb2 Rh2+ 69. Kb1 Ka4 70. Rg3 Rh1+
71. Kb2 Rh2+ 72. Kb1 Rh4 73. Kb2 Rb4+ 74. Ka2 Rd4 75. Rg2 Kb4
76. Kb2 Kc4 77. Rc2+ Kb4 1/2-1/2

[Event "Euro Club Cup"]
[Site "Kallithea GRE"]
[Date "2008.10.21"]
[EventDate "2008.10.17"]
[Round "5"]
[Result "1-0"]
[White "Gawain Jones"]
[Black "Orce Dancevski"]
[WhiteElo "2548"]
[BlackElo "2421"]
[PlyCount "81"]

1. e4 c5 2. Nf3 d6 3. c3 Nf6 4. Be2 Nc6 5. d4 cxd4 6. cxd4 d5
7. e5 Ne4 8. O-O Bg4 9. Be3 h6 10. h3 Bf5 11. Nh4 Be6 12. Kh2
g5 13. f3 Nd6 14. exd6 Qxd6+ 15. f4 gxh4 16. Nc3 Bg7 17. Nb5
Qb8 18. Kh1 f5 19. Bh5+ Kf8 20. Bf2 a6 21. Nc3 Qd6 22. Ne2 Bf7
23. Bxf7 Kxf7 24. Bxh4 h5 25. Qd3 e6 26. Rad1 Rac8 27. Qe3 Qb4
28. Rfe1 Qb6 29. Ng1 Rh6 30. Nf3 Rg6 31. Ng5+ Kg8 32. Qf3 Rxg5
33. fxg5 Nxd4 34. Qxh5 Rc2 35. Qe8+ Kh7 36. g6+ Kh6 37. Qe7
Kxg6 38. Rxd4 Qxd4 39. Qxe6+ Bf6 40. Qg8+ Kh6 41. Bxf6 1-0

[Event "Euro Club Cup"]
[Site "Kallithea GRE"]
[Date "2008.10.22"]
[EventDate "2008.10.17"]
[Round "6"]
[Result "1/2-1/2"]
[White "Thomas Henrichs"]
[Black "Gawain Jones"]
[WhiteElo "2485"]
[BlackElo "2548"]
[PlyCount "103"]

1. d4 Nf6 2. c4 g6 3. Nc3 Bg7 4. e4 d6 5. Nf3 O-O 6. Be2 e5
7. O-O Na6 8. Be3 Ng4 9. Bg5 Qe8 10. Re1 exd4 11. Nd5 d3
12. Bxd3 c6 13. Ne7+ Kh8 14. Nxc8 Rxc8 15. Bf1 Bxb2 16. Rb1
Bc3 17. Nd2 Qe6 18. Rxb7 Bd4 19. Re2 Rc7 20. Rxc7 Nxc7 21. Bh4
c5 22. Nf3 Bf6 23. Bg3 Ne5 24. Rd2 Rd8 25. Bxe5 Bxe5 26. Qa4
Bf4 27. Rb2 Qxe4 28. Qxa7 Qc6 29. Rb6 Ra8 30. Qb7 Qxb7
31. Rxb7 Rc8 32. g3 Bh6 33. Bh3 f5 34. g4 Ne6 35. gxf5 Nf4
36. Rxh7+ Kxh7 37. fxg6+ Kxg6 38. Bxc8 Ne2+ 39. Kg2 Nc3
40. Nh4+ Kf6 41. Nf5 Bf4 42. h4 Nxa2 43. Kf3 Be5 44. Kg4 d5
45. cxd5 c4 46. f4 Bc7 47. Ne3 Nb4 48. d6 Bxd6 49. Nxc4 Bc7
50. Nd2 Nd5 51. Ne4+ Kg7 52. f5 1/2-1/2

[Event "Club Argentino-Ruibal"]
[Site "Sunningdale ENG"]
[Date "2008.10.05"]
[EventDate "2008.10.04"]
[Round "2"]
[Result "0-1"]
[White "Jan Krensing"]
[Black "Gawain Jones"]
[WhiteElo "2306"]
[BlackElo "2549"]
[PlyCount "68"]

1. Nf3 Nf6 2. c4 g6 3. g3 Bg7 4. Bg2 O-O 5. O-O d6 6. d4 Nbd7
7. Nc3 e5 8. e4 exd4 9. Nxd4 Re8 10. h3 a6 11. Re1 Rb8 12. f4
c5 13. Nc2 Nf8 14. a4 b6 15. Be3 Bb7 16. Bf2 Ne6 17. Qd2 Qd7
18. Rad1 Rbd8 19. e5 Bxg2 20. exf6 Ng5 21. fxg5 Qxh3 22. Be3
Qh1+ 23. Kf2 Qh2 24. Re2 Bd5+ 25. Ke1 Qh1+ 26. Kf2 Qf3+
27. Ke1 Bxc4 28. b3 Qxg3+ 29. Kf1 Bxb3 30. fxg7 Qh3+ 31. Kf2
Bxc2 32. Qxc2 Rxe3 33. Nd5 Qf3+ 34. Ke1 Qh1+ 0-1

[Event "2008 Olympiad"]
[Site "Dresden GER"]
[Date "2008.11.13"]
[EventDate "2008.11.13"]
[Round "1"]
[Result "1-0"]
[White "Gawain Jones"]
[Black "Mert Erdogdu"]
[WhiteElo "2548"]
[BlackElo "2449"]
[PlyCount "103"]

1. e4 c5 2. Nc3 a6 3. f4 Nc6 4. Nf3 e6 5. d3 b5 6. g4 Bb7
7. Bg2 Qc7 8. Be3 Nf6 9. g5 Nh5 10. Qd2 Nd4 11. Bxd4 cxd4
12. Ne2 Bc5 13. Rf1 b4 14. Nfxd4 Qb6 15. c3 bxc3 16. bxc3 h6
17. h4 Rb8 18. Bf3 hxg5 19. hxg5 a5 20. Nc2 Ba6 21. d4 Bf8
22. Rh1 g6 23. Ng3 Qc6 24. d5 Qa4 25. Nd4 Qa3 26. dxe6 fxe6
27. Nxh5 gxh5 28. Rxh5 Bg7 29. Rxh8+ Bxh8 30. Bh5+ Kf8 31. e5
Bg7 32. Nc2 Qc5 33. Qd4 Qb5 34. Kf2 Kg8 35. Rd1 Qb2 36. Bg6
Bb5 37. Kg3 Bc6 38. Qc4 Rf8 39. Qb3 Rb8 40. Qxb2 Rxb2 41. Nd4
Bd5 42. a4 Rg2+ 43. Kh3 Rf2 44. c4 Bxc4 45. Kg3 Rb2 46. Be8
Rb7 47. Rc1 Bd5 48. g6 Bf8 49. Bf7+ Kg7 50. f5 Rb4 51. f6+ Kh6
52. Nf3 1-0

[Event "2008 Olympiad"]
[Site "Dresden GER"]
[Date "2008.11.14"]
[EventDate "2008.11.13"]
[Round "2"]
[Result "1/2-1/2"]
[White "Gawain Jones"]
[Black "Allan Stig Rasmussen"]
[WhiteElo "2548"]
[BlackElo "2513"]
[PlyCount "120"]

1. e4 c6 2. d4 d5 3. e5 Bf5 4. c4 e6 5. Nc3 Ne7 6. a3 dxc4
7. Bxc4 Nd7 8. Nge2 Nb6 9. Bb3 Qd7 10. O-O Bg6 11. Be3 Nf5
12. Ng3 Be7 13. Nxf5 Bxf5 14. a4 a5 15. Qe2 Rc8 16. g4 Bg6
17. f4 h5 18. f5 exf5 19. gxf5 Bxf5 20. Bxf7+ Kxf7 21. Rxf5+
Kg8 22. Raf1 Rf8 23. Rxf8+ Bxf8 24. Qf3 Bb4 25. h3 Nc4 26. Ne4
Qd5 27. Kh2 Nxe3 28. Qxe3 Be7 29. Rg1 Kf8 30. Qg3 Ke8 31. Nd6+
Bxd6 32. exd6 Rh6 33. Qe5+ Re6 34. Qxd5 cxd5 35. Rxg7 Re2+
36. Kg3 Rxb2 37. Kf4 Re2 38. Rxb7 Re4+ 39. Kf5 Rxd4 40. Rh7
Re4 41. Re7+ Rxe7 42. dxe7 Kxe7 43. Ke5 h4 44. Kxd5 Kd7
45. Kc5 Ke6 46. Kb5 Kd5 47. Kxa5 Kc5 48. Ka6 Kc6 49. Ka7 Kc7
50. Ka6 Kc6 51. a5 Kc7 52. Kb5 Kb7 53. Kc5 Ka6 54. Kb4 Kb7
55. Kc4 Ka6 56. Kd4 Kxa5 57. Ke4 Kb6 58. Kf5 Kc6 59. Kg5 Kd6
60. Kxh4 Ke5 1/2-1/2

[Event "2008 Olympiad"]
[Site "Dresden GER"]
[Date "2008.11.22"]
[EventDate "2008.11.13"]
[Round "9"]
[Result "1/2-1/2"]
[White "Gawain Jones"]
[Black "Van Huy Nguyen"]
[WhiteElo "2548"]
[BlackElo "2422"]
[PlyCount "161"]

1. e4 c5 2. Nc3 Nc6 3. f4 g6 4. Nf3 Bg7 5. Bb5 Nd4 6. O-O Nxb5
7. Nxb5 d5 8. e5 Bg4 9. d4 a6 10. Nc3 c4 11. h3 Bxf3 12. Qxf3
e6 13. f5 gxf5 14. g4 Qh4 15. gxf5 O-O-O 16. Qg4 Qxg4+
17. hxg4 Nh6 18. f6 Bf8 19. Bxh6 Bxh6 20. Kf2 Bd2 21. Ne2 h5
22. Rg1 hxg4 23. Rxg4 Rh2+ 24. Kf3 Bh6 25. Rag1 Kd7 26. Rg8
Rh3+ 27. R1g3 Rxg8 28. Rxh3 Bd2 29. Rh7 Ke8 30. b3 cxb3
31. axb3 b5 32. Rh1 Kd7 33. Rd1 Bh6 34. Ra1 Ra8 35. b4 Kc6
36. Nf4 Kb6 37. Nd3 Bd2 38. Ra3 a5 39. Ke2 Bh6 40. bxa5+ Rxa5
41. Rb3 Ra4 42. c3 Bf8 43. Rb2 Ra1 44. Ke3 Rh1 45. Kd2 Rh2+
46. Kd1 Rxb2 47. Nxb2 b4 48. Kc2 Kb5 49. cxb4 Kxb4 50. Kd3 Bh6
51. Nd1 Kb3 52. Nc3 Kb4 53. Ne2 Kb5 54. Ng3 Kc6 55. Kc3 Be3
56. Ne2 Kb5 57. Kd3 Bh6 58. Ng1 Kb4 59. Nh3 Kb3 60. Nf2 Kb4
61. Nd1 Kb3 62. Nc3 Kb4 63. Ne2 Kb5 64. Ng3 Kc6 65. Nh5 Kd7
66. Ng7 Bg5 67. Kc2 Be3 68. Kc3 Bc1 69. Nh5 Kc6 70. Ng3 Kb5
71. Ne2 Bg5 72. Ng1 Be3 73. Nf3 Bh6 74. Ne1 Bf8 75. Nd3 Kc6
76. Kb2 Kb6 77. Kb3 Kb5 78. Nf4 Bh6 79. Ne2 Be3 80. Kc3 Bg5
81. Kb3 1/2-1/2

[Event "2008 Olympiad"]
[Site "Dresden GER"]
[Date "2008.11.23"]
[EventDate "2008.11.13"]
[Round "10"]
[Result "1-0"]
[White "Li Chao"]
[Black "Gawain Jones"]
[WhiteElo "2622"]
[BlackElo "2548"]
[PlyCount "209"]

1. e4 e5 2. Nf3 Nc6 3. Bb5 a6 4. Ba4 Nf6 5. O-O Be7 6. Re1 b5
7. Bb3 d6 8. c3 O-O 9. d4 Bg4 10. Be3 exd4 11. cxd4 Na5
12. Bc2 Nc4 13. Bc1 c5 14. b3 Nb6 15. Nbd2 cxd4 16. h3 Bh5
17. Bb2 Nfd7 18. Qb1 d3 19. Bxd3 Ne5 20. Nd4 Bg5 21. Nf1 Nxd3
22. Qxd3 Bg6 23. Nf5 Bxf5 24. exf5 Bf6 25. Bxf6 Qxf6 26. Rad1
d5 27. Ne3 h5 28. Qd4 Rfe8 29. Qxf6 gxf6 30. Rd4 Kg7 31. Red1
Rac8 32. Kh2 Re5 33. Kg3 Rce8 34. Kf3 Rc8 35. Rh4 Rc3 36. Ke2
Re8 37. Rdd4 Rc2+ 38. Rd2 Rc1 39. Rxh5 Re4 40. f3 Re8 41. Kf2
Rc3 42. Nd1 Rc1 43. Rh4 Re5 44. Rg4+ Kf8 45. Rf4 Nc8 46. Ne3
Ne7 47. Ng4 Rxf5 48. Rxf5 Nxf5 49. Nxf6 Ne7 50. Ke3 Rc6
51. Nd7+ Ke8 52. Ne5 Re6 53. Kf4 f6 54. Nd3 a5 55. g4 Kf7
56. h4 Kg7 57. h5 d4 58. Nc5 Re5 59. Ne4 Nd5+ 60. Kg3 Nc3
61. Nd6 Kh7 62. Kf2 b4 63. Rxd4 Re2+ 64. Kg3 Rxa2 65. Rc4 Ne2+
66. Kh4 Ra1 67. Kh3 a4 68. bxa4 b3 69. Rb4 Nd4 70. Ne4 Nxf3
71. Rxb3 Nd4 72. Rb4 Ra3+ 73. Kg2 Ra2+ 74. Nf2 Nc6 75. Rf4 Ne5
76. Kf1 Kg7 77. Ke1 Nd7 78. Nd3 Nb6 79. Nc5 Nd5 80. Rd4 Ne3
81. Re4 Nd5 82. Re2 Ra1+ 83. Kf2 Rc1 84. Ne6+ Kf7 85. Nd8+ Kg7
86. a5 Ra1 87. Nc6 Kh6 88. Rc2 Ra3 89. Rc5 Ne3 90. Kf3 f5
91. gxf5 Nxf5+ 92. Kg4 Ng7 93. Nb4 Kh7 94. a6 Ne6 95. Re5 Nd4
96. Rd5 Nb3 97. Rd3 Kh6 98. Rh3 Kg7 99. h6+ Kh7 100. Kf4 Kg8
101. h7+ Kh8 102. Kg4 Ra5 103. Rxb3 Kxh7 104. Rb2 Ra4 105. Kf5
1-0

[Event "Hastings Chess Congress"]
[Site "Hastings ENG"]
[Date "2008.12.28"]
[EventDate "2008.12.28"]
[Round "1"]
[Result "1-0"]
[White "Gawain Jones"]
[Black "Sahaj Grover"]
[WhiteElo "2548"]
[BlackElo "2313"]
[PlyCount "167"]

1. Nf3 Nf6 2. g3 d5 3. Bg2 c6 4. d3 Bg4 5. Nbd2 Nbd7 6. h3
Bxf3 7. Nxf3 e5 8. O-O Bc5 9. Nxe5 Nxe5 10. d4 Bd6 11. dxe5
Bxe5 12. c4 dxc4 13. Qc2 O-O 14. Qxc4 Qd4 15. Qc2 Rad8 16. Be3
Qxb2 17. Qxb2 Bxb2 18. Rab1 Bd4 19. Bxd4 Rxd4 20. Rxb7 Ra4
21. Rb2 Rc4 22. Rfb1 g6 23. Rb7 Ra4 24. R1b2 Rc8 25. Re7 a5
26. Rbb7 Rf8 27. Bxc6 Rxa2 28. Ra7 Kg7 29. Bb5 Nd5 30. Red7
Nb6 31. Rdb7 Nc8 32. Rxf7+ Rxf7 33. Rxf7+ Kxf7 34. Bc4+ Kf6
35. Bxa2 Ke5 36. Kf1 Kd4 37. Ke1 Nd6 38. g4 Kc3 39. f4 a4
40. Kd1 Kb2 41. Bg8 a3 42. Kd2 Ne4+ 43. Ke3 Nc5 44. f5 gxf5
45. gxf5 Nb3 46. Bxb3 Kxb3 47. f6 a2 48. f7 a1=Q 49. f8=Q Qe5+
50. Kf3 Qh5+ 51. Kg3 Qg5+ 52. Kf2 Qh4+ 53. Kg2 Qg5+ 54. Kf1
Qc1+ 55. Kf2 h6 56. h4 Qc7 57. Qxh6 Qh2+ 58. Ke3 Qg3+ 59. Ke4
Qg2+ 60. Kd4 Qg4+ 61. e4 Qd7+ 62. Kc5 Qe7+ 63. Kd5 Qd8+
64. Qd6 Qxh4 65. Qb6+ Ka2 66. e5 Qh1+ 67. Kd6 Qd1+ 68. Ke7 Qd3
69. e6 Qh7+ 70. Kd8 Qd3+ 71. Ke8 Qg6+ 72. Kd7 Qd3+ 73. Qd6 Qh3
74. Kc6 Qc3+ 75. Qc5 Qf6 76. Kd7 Qf3 77. e7 Qb7+ 78. Kd6 Qb8+
79. Ke6 Qg8+ 80. Kd7 Qg4+ 81. Kd8 Qh4 82. Qe5 Kb1 83. Kc7 Qc4+
84. Kb6 1-0

[Event "Hastings Chess Congress"]
[Site "Hastings ENG"]
[Date "2008.12.29"]
[EventDate "2008.12.28"]
[Round "2"]
[Result "0-1"]
[White "Jovanka Houska"]
[Black "Gawain Jones"]
[WhiteElo "2399"]
[BlackElo "2548"]
[PlyCount "54"]

1. d4 Nf6 2. Nf3 g6 3. c4 c5 4. Nc3 cxd4 5. Nxd4 Bg7 6. g3 O-O
7. Bg2 Qc7 8. O-O Qxc4 9. Ndb5 a6 10. b3 Qb4 11. Ba3 Qa5
12. Bxe7 axb5 13. b4 Qb6 14. Bc5 Qd8 15. Bxf8 Bxf8 16. Nxb5
Qb6 17. Rc1 Na6 18. a4 Nxb4 19. e4 d6 20. Qf3 Qd8 21. Qb3 Nc6
22. Rfd1 Be6 23. Qb2 Rxa4 24. Nxd6 Bxd6 25. Qxb7 Nd4 26. Qb2
Ba3 27. Qa1 Bb3 0-1

[Event "Bunratty Masters op"]
[Site "Bunratty"]
[Date "2008.02.24"]
[EventDate "2008.02.22"]
[Round "5"]
[Result "0-1"]
[White "Simon Kim Williams"]
[Black "Gawain Jones"]
[WhiteElo "2482"]
[BlackElo "2562"]
[PlyCount "92"]

1. d4 Nf6 2. c4 g6 3. Nc3 Bg7 4. e4 d6 5. Be2 O-O 6. Be3 e5
7. d5 Na6 8. g4 Nc5 9. Bf3 a5 10. h4 Qd7 11. g5 Ng4 12. Bxc5
dxc5 13. Na4 b6 14. d6 h5 15. gxh6 Nxh6 16. dxc7 Qxc7 17. Nc3
Be6 18. Nd5 Bxd5 19. cxd5 c4 20. Qd2 Qc5 21. h5 g5 22. Qxg5 c3
23. b3 f5 24. Nh3 c2 25. Rg1 Rf7 26. Qxh6 fxe4 27. Qc6 Rc8
28. Qxc5 Rxc5 29. Rc1 Rxf3 30. Ng5 Kh8 31. Nxf3 exf3 32. Rg6
e4 33. Kd2 Rxd5+ 34. Kxc2 Rc5+ 35. Kd2 Rxc1 36. Kxc1 e3
37. Rg1 Bd4 38. Rh1 e2 39. Kd2 Bxf2 40. a3 Kh7 41. b4 axb4
42. axb4 Kh6 43. b5 e1=Q+ 44. Rxe1 Bxe1+ 45. Kxe1 Kxh5 46. Kf2
Kg4 0-1